La Universidad de Salamanca y las letras clásicas /

Historia de la Universidad de Salamanca desde su fundación.

I tiakina i:
Ngā taipitopito rārangi puna kōrero
Kaituhi matua: Dávila Garibi, José Ignacio (autor)
Hōputu: Pukapuka
Reo:Pāniora
Rangatū:(Cultura ; 22)
Ngā marau:
Ngā Tūtohu: Tāpirihia he Tūtohu
Kāore He Tūtohu, Me noho koe te mea tuatahi ki te tūtohu i tēnei pūkete!

MARC

LEADER 00000nam^a2200000^a^4500
001 000118687
005 20250521000000.0
009 20260310094251.36
037 |a Acervo ITESO - Biblioteca 
041 |a ESP 
082 |a 378. 4625  |b DAV 
100 |a Dávila Garibi, José Ignacio  |e (autor) 
245 1 3 |a La Universidad de Salamanca y las letras clásicas /  |c J.I. Dávila Garibi. 
264 |a México :  |b Cultura,  |c 1953 
300 |a 28 p. 
336 |a texto  |b txt  |2 rdacontenido 
337 |a sin mediación  |b n  |2 rdamedio 
338 |a volumen  |b nc  |2 rdasoporte 
440 1 |a (Cultura ;  |v 22) 
520 |a Historia de la Universidad de Salamanca desde su fundación. 
649 |a XX 
650 |a Universidad de Salamanca -  |x Historia 
650 |a Universidades -  |z España -  |x Historia 
650 |a Educación Superior -  |z España -  |x Historia 
650 |a Educación -  |z España -  |x Historia 
910 |a Fondo Salvador Reynoso Reynoso 
920 |a Impresos - Libros 
930 |a Fondos Especiales 
905 |a 112 
901 |a 0800005034  |b IT2  |c ESP  |u 20250521 
902 |a https://opac.biblio.iteso.mx/vufind/Record/000118687